Click the Animal from the Description - Statistics

General Stats
  • This quiz has been taken 37 times
  • The average score is 9 of 24
Answer Stats
Hint Answer % Correct
Toothed whale that possesses a large tusk Narwhal
72%
Egg-laying spiny anteater, native to Australia Echidna
66%
Salamander that retains larval features throughout its life Axolotl
59%
The only mammal to be covered in scales Pangolin
59%
Small lizard, often with smooth scales and small or no legs Skink
59%
Ancient lobe-finned fish, thought of as a 'living fossil' Coelacanth
52%
Cat-like carnivore and top predator native to Madagascar Fossa
48%
Small ball-like fish with a sucker used to stick on to rocks Lumpsucker
48%
Nocturnal, long fingered, lemur from Madagascar Aye-aye
45%
Indonesian wild-pig with prominent, curved, upper tusks Babirusa
45%
Iguana-like forest lizard from tropical North and South America Basilisk
41%
Giant flightless cricket, endemic to New Zealand Giant wētā
41%
Soft-bodied, marine gastropod known for its intricate patterns Nudibranch
41%
Tropical bird found in the Amazon swamps and Orinoco basin Hoatzin
31%
Small migratory diving duck of northern Eurasia Smew
31%
Freshwater turtle found in South America Mata mata
28%
Small, insectivorous mammal, native to Madagascar Tenrec
28%
Tree-dwelling gliding mammal, native to Southeast Asia Colugo
24%
Small bird from the prairies of the midwestern USA Dickcissel
24%
Large, spiral-horned goat, national animal of Pakistan. Markhor
24%
Slender, long-necked, antelope found in East Africa Gerenuk
21%
Large stork found in wetlands in Central and South America. Jabiru
21%
Venomous, nocturnal, burrowing, insectivorous mammal Solenodon
17%
Water opposum, native to central and south America Yapok
17%
No matching quizzes found
Score Distribution
Percent of People with Each Score
Percentile by Number Answered
Your Score History
You have not taken this quiz